Statistics for Most Chamions League Matches Won Per Country

Click here to take the quiz!

General Stats

  • This quiz has been taken 27 times
  • The average score is 20 of 25

Answer Stats

Answer% Correct
SpainReal Madrid
100%
ItalyAC Milan
100%
EnglandChelsea
100%
SpainBarcelona
100%
ItalyInter Milan
100%
GermanyBayern Munich
100%
SpainValencia
100%
ItalyJuventus
100%
EnglandArsenal
96%
EnglandLiverpool
96%
FranceLyon
92%
FranceMonaco
92%
FrancePSG
92%
FranceMarseille
88%
ItalyLazio
88%
SpainAtletico Madrid
84%
ItalyRoma
80%
GermanySchalke
68%
GermanyWerder Bremen
56%
EnglandMan City
56%
FranceBordeaux
52%
EnglandMan Utd
52%
SpainDeportivo La Coruna
40%
GermanyBayer Leverkusen
32%
GermanyBorrusia Dortmund
4%

Score Distribution

Percentile by Number Answered

Percent of People with Each Score

Your Score History

You have not taken this quiz